| 000 | 00545nam a2200217 a 4500 | ||
|---|---|---|---|
| 999 |
_c6046 _d6046 |
||
| 001 | 6046 | ||
| 003 | BD-JhCC | ||
| 005 | 20180101125408.0 | ||
| 008 | 180101s1961 n |||| |||| 00| 0 eng d | ||
| 035 | _a(BD-JhCC) | ||
| 040 |
_aBD-JhCC _dBD-JhCC |
||
| 041 | _aeng | ||
| 082 |
_a813.2 _bALL 1961 |
||
| 100 | _a Allen, French, Virginia | ||
| 245 |
_aWashington Irving / _cVirginia French Allen |
||
| 260 |
_aNew York : _bBallantine Books, _c1961 |
||
| 300 |
_a127 p. : _c18cm. |
||
| 650 | _aAmerican Literture | ||
| 942 |
_2ddc _cBK |
||